Statistics for E3 Classic Winners (since 2000)

Click here to take the quiz!

General Stats

  • This quiz has been taken 14 times
    (2 since last reset)
  • The average score is 18 of 24

Answer Stats

YearNationalityAnswerTeam% Correct
2011SwitzerlandFabian CancellaraLeopard Trek
100%
2010SwitzerlandFabian CancellaraTeam Saxo Bank
100%
2013SwitzerlandFabian CancellaraRadioShack-Leopard
100%
2017BelgiumGreg Van AvermaetBMC Racing Team
100%
2021DenmarkKasper AsgreenDeceuninck-Quick-Step
100%
2024The NetherlandsMathieu van der PoelAlpecin–Deceuninck
100%
2016PolandMichał KwiatkowskiTeam Sky
100%
2018The NetherlandsNiki TerpstraQuick-Step Floors
100%
2014SlovakiaPeter SaganCannondale
100%
2012BelgiumTom BoonenOmega Pharma-Quick-Step
100%
2007BelgiumTom BoonenQuick-Step-Innergetic
100%
2006BelgiumTom BoonenQuick-Step-Innergetic
100%
2005BelgiumTom BoonenQuick-Step-Innergetic
100%
2004BelgiumTom BoonenQuick-Step-Davitamon
100%
2023BelgiumWout van AertTeam Jumbo-Visma
100%
2022BelgiumWout van AertTeam Jumbo-Visma
100%
2019Czech RepublicZdeněk ŠtybarDeceuninck-Quick-Step
100%
2015Great BritainGeraint ThomasTeam Sky
50%
2001BelgiumAndrei TchmilLotto-Adecco
0%
2002ItalyDario PieriAlessio
0%
2009ItalyFilippo PozzatoTeam Katusha
0%
2008NorwayKurt Asle ArvesenTeam CSC
0%
2000RussiaSergei IvanovFarm Frites
0%
2003The NetherlandsSteven de JonghRabobank
0%

Score Distribution

Percentile by Number Answered

Percent of People with Each Score

Your Score History

You have not taken this quiz since the last reset